[Event "Vitrolles Majeur op 0405"]
[Site "Vitrolles"]
[Date "2005.04.09"]
[Round "9"]
[White "Ferrero, Patrick"]
[Black "Pieri, Thierry"]
[Result "1/2-1/2"]
[WhiteElo "2018"]
[BlackElo "1934"]
[PlyCount "41"]
[EventDate "2004.10.16"]
[EventType "swiss"]
[EventRounds "9"]
[EventCountry "FRA"]
[SourceTitle "EXT 2008"]
[Source "ChessBase"]
[SourceDate "2007.11.25"]
[SourceVersion "1"]
[SourceVersionDate "2007.11.25"]
[SourceQuality "1"]

1. e4 d6 2. d4 Nf6 3. Nc3 g6 4. f4 Bg7 5. Nf3 0-0 6. Be3 b6 7. e5 Ng4 8. Bg1 Bb7 9. h3 Nh6 10. Be2 Nd7 11. g4 dxe5 12. dxe5 e6 13. Qd3 Qe7 14. 0-0-0 Rad8 15. Qe3 Nc5 16. Bf2 Rxd1+ 17. Rxd1 Rd8 18. Rxd8+ Qxd8 19. Qd4 Qc8 20. Nd2 Bg2 21. b4 1/2-1/2

[Event "Vitrolles Majeur op 0405"]
[Site "Vitrolles"]
[Date "2004.11.13"]
[Round "2"]
[White "Ferrero, Patrick"]
[Black "Parroco, Pierre Jean"]
[Result "1-0"]
[WhiteElo "2018"]
[BlackElo "1710"]
[PlyCount "99"]
[EventDate "2004.10.16"]
[EventType "swiss"]
[EventRounds "9"]
[EventCountry "FRA"]
[SourceTitle "EXT 2008"]
[Source "ChessBase"]
[SourceDate "2007.11.25"]
[SourceVersion "1"]
[SourceVersionDate "2007.11.25"]
[SourceQuality "1"]

1. d4 f5 2. Bg5 Nf6 3. e3 e6 4. Nf3 Be7 5. Nbd2 d6 6. Bc4 d5 7. Bb3 0-0 8. c4 c6 9. 0-0 Bd7 10. Ne5 Be8 11. Rc1 Nbd7 12. cxd5 cxd5 13. Ndf3 Bh5 14. Qc2 Bd6 15. Qb1 h6 16. Bh4 g5 17. Bg3 Nb6 18. Rc2 Qe7 19. Rfc1 Ne4 20. Nd3 Nxg3 21. hxg3 Rac8 22. Nfe5 Kg7 23. Rxc8 Rxc8 24. Rxc8 Nxc8 25. Qc2 Nb6 26. a4 Qd8 27. Nc5 Qc8 28. Ned3 Be8 29. a5 Na8 30. Ba4 b6 31. Bxe8 Qxe8 32. Nb7 Be7 33. a6 Bf6 34. Nb4 Qd7 35. Qc6 Qxc6 36. Nxc6 Nc7 37. Nxa7 Nxa6 38. Nc8 b5 39. Na7 b4 40. b3 e5 41. Nc5 Nc7 42. Nc6 exd4 43. exd4 Kf7 44. Kf1 Be7 45. Nxb4 Bxc5 46. dxc5 Ke6 47. Ke2 Ke5 48. Kd3 Ne6 49. Nc6+ Kf6 50. b4 1-0

[Event "Provence-ch"]
[Site "Provence"]
[Date "2003.??.??"]
[Round "2"]
[White "Maruejols, Claude"]
[Black "Ferrero, Patrick"]
[Result "1-0"]
[WhiteElo "2049"]
[BlackElo "2053"]
[PlyCount "67"]
[EventDate "2003.??.??"]
[EventType "tourn"]
[EventRounds "9"]
[EventCountry "FRA"]
[SourceTitle "EXT 2005"]
[Source "ChessBase"]
[SourceDate "2004.11.15"]
[SourceVersion "1"]
[SourceVersionDate "2004.11.15"]
[SourceQuality "1"]

1. d4 Nf6 2. c4 e6 3. Nc3 c5 4. d5 exd5 5. cxd5 g6 6. e4 d6 7. Nf3 Bg7 8. Be2 0-0 9. 0-0 Re8 10. Nd2 Nbd7 11. f4 a6 12. a4 b6 13. Re1 Rb8 14. Kh1 Qc7 15. Bc4 h5 16. Nf3 Ng4 17. Qd2 b5 18. axb5 Bxc3 19. bxc3 axb5 20. Bd3 c4 21. Bc2 Qb6 22. Nd4 b4 23. cxb4 Qxb4 24. Qxb4 Rxb4 25. Nc6 Rb6 26. Ra8 Ra6 27. Rxc8 Rxc8 28. Ne7+ Kh7 29. Nxc8 Nf2+ 30. Kg1 Nd3 31. Bxd3 cxd3 32. Be3 Nf6 33. Nxd6 Ng4 34. Nc4 1-0

[Event "Provence-ch"]
[Site "Provence"]
[Date "2002.??.??"]
[Round "4"]
[White "Jean, Olivier"]
[Black "Ferrero, Patrick"]
[Result "1-0"]
[WhiteElo "2243"]
[BlackElo "2035"]
[PlyCount "120"]
[EventDate "2001.09.08"]
[EventType "tourn"]
[EventRounds "9"]
[EventCountry "FRA"]
[SourceTitle "EXT 2005"]
[Source "ChessBase"]
[SourceDate "2004.11.15"]
[SourceVersion "1"]
[SourceVersionDate "2004.11.15"]
[SourceQuality "1"]

1. Nf3 d5 2. g3 Nf6 3. Bg2 Bf5 4. 0-0 Nbd7 5. c4 e6 6. cxd5 exd5 7. Qb3 Nc5 8. Qe3+ Be7 9. Nd4 Be4 10. Bh3 0-0 11. d3 Bg6 12. f4 Bh5 13. Nc3 Re8 14. Qf2 Bg4 15. Bg2 Bc8 16. h3 c6 17. Be3 Bf8 18. Nxc6 bxc6 19. Bxc5 Bxc5 20. Qxc5 Qb6 21. Qxb6 axb6 22. e4 Ba6 23. exd5 cxd5 24. Nxd5 Nxd5 25. Bxd5 Rad8 26. Bc4 b5 27. Bb3 Rxd3 28. Rfe1 Kf8 29. Rxe8+ Kxe8 30. Re1+ Kd7 31. Rd1 Rxd1+ 32. Bxd1 b4 33. Kf2 Kd6 34. Bb3 f6 35. Ke3 Kc5 36. h4 Bb7 37. Bg8 h6 38. a3 bxa3 39. bxa3 Bc6 40. Bb3 Bd7 41. Bd1 Kc4 42. a4 Bc6 43. a5 Kb5 44. Kd4 Kxa5 45. Kc5 Be4 46. h5 Bd3 47. Bf3 Bc2 48. Bc6 Bb1 49. Be8 Bc2 50. Kd6 Kb6 51. Ke7 Kc7 52. Kf8 Kd8 53. Bg6 Bb3 54. Kxg7 Ke7 55. Kxh6 Kf8 56. Bf5 Bf7 57. g4 Kg8 58. g5 fxg5 59. fxg5 Be8 60. g6 Bxg6 1-0

[Event "Provence-ch Majeur op 9899"]
[Site "France"]
[Date "1999.??.??"]
[Round "8"]
[White "Didier, Guillaume"]
[Black "Ferrero, Patrick"]
[Result "1-0"]
[WhiteElo "2030"]
[BlackElo "1870"]
[PlyCount "85"]
[EventDate "1998.??.??"]
[EventType "swiss"]
[EventRounds "9"]
[EventCountry "FRA"]
[SourceTitle "EXT 2005"]
[Source "ChessBase"]
[SourceDate "2004.11.15"]
[SourceVersion "1"]
[SourceVersionDate "2004.11.15"]
[SourceQuality "1"]

1. d4 c5 2. d5 e5 3. c4 d6 4. Nc3 g6 5. e4 Bg7 6. Be3 Ne7 7. Bd3 a6 8. Qd2 h6 9. Nge2 Nd7 10. f3 f5 11. exf5 gxf5 12. 0-0-0 Nf6 13. h3 Bd7 14. g4 f4 15. Bf2 Qa5 16. Kb1 b5 17. Ne4 Qb6 18. N2c3 b4 19. Nxf6+ Bxf6 20. Ne4 Bg7 21. Bh4 Rf8 22. Rdg1 Ng6 23. Bf2 0-0-0 24. h4 Ne7 25. h5 Ng8 26. Bh4 Nf6 27. Bxf6 Bxf6 28. Nxf6 Rxf6 29. g5 hxg5 30. Rxg5 Rh8 31. Qg2 Rfh6 32. Rg8+ Rxg8 33. Qxg8+ Qd8 34. Qg7 Rh8 35. h6 Rg8 36. Qxg8 Qxg8 37. h7 Qg2 38. h8Q+ Kc7 39. Be4 Qe2 40. Qa8 Qxc4 41. Qa7+ Kd8 42. Qb8+ Ke7 43. Rh7+ 1-0

[Event "Provence-ch Majeur op 9899"]
[Site "France"]
[Date "1998.??.??"]
[Round "1"]
[White "Ferrero, Patrick"]
[Black "Coolen, Olivier"]
[Result "1-0"]
[WhiteElo "1870"]
[BlackElo "1740"]
[PlyCount "117"]
[EventDate "1998.??.??"]
[EventType "swiss"]
[EventRounds "9"]
[EventCountry "FRA"]
[SourceTitle "EXT 2005"]
[Source "ChessBase"]
[SourceDate "2004.11.15"]
[SourceVersion "1"]
[SourceVersionDate "2004.11.15"]
[SourceQuality "1"]

1. e4 g6 2. f4 Bg7 3. Nf3 d6 4. Bc4 Nf6 5. d3 0-0 6. Nc3 c6 7. Qe2 b5 8. Bb3 a5 9. a4 b4 10. Nd1 Nbd7 11. Nf2 Nc5 12. Bc4 d5 13. exd5 cxd5 14. Bb5 Bd7 15. Bxd7 Nfxd7 16. d4 Ne6 17. Be3 Nb6 18. 0-0 Nc4 19. Nd3 Nxe3 20. Qxe3 Qb6 21. Nde5 Qa7 22. Rac1 f6 23. Nxg6 Nxd4 24. Nxe7+ Kf7 25. Nxd4 Qxe7 26. Qxe7+ Kxe7 27. Nf5+ Kf7 28. Rfe1 Kg6 29. Ne7+ Kf7 30. Nxd5 f5 31. Re7+ Kg8 32. b3 Bb2 33. Rce1 Rad8 34. Nc7 Rd2 35. R7e2 Bc3 36. Nb5 Rxc2 37. Rxc2 Bxe1 38. Kf1 Bh4 39. Nd6 Be7 40. Nc4 Bd8 41. Rd2 Bc7 42. g3 Re8 43. Rd5 Rd8 44. Rxd8+ Bxd8 45. Nd6 Bb6 46. Nxf5 Kf7 47. Ke2 Kf6 48. Ne3 Bd8 49. Kf3 Kg6 50. g4 Kf6 51. Ke4 Ke6 52. Nf5 Bc7 53. Nd4+ Kf6 54. g5+ Kg6 55. Ne6 Bb6 56. f5+ Kf7 57. Nf4 Bc7 58. h4 Bb6 59. h5 1-0

[Event "Provence-ch Majeur op 9899"]
[Site "France"]
[Date "1998.??.??"]
[Round "3"]
[White "Metras, Dominique"]
[Black "Ferrero, Patrick"]
[Result "1/2-1/2"]
[WhiteElo "2030"]
[BlackElo "1870"]
[PlyCount "66"]
[EventDate "1998.??.??"]
[EventType "swiss"]
[EventRounds "9"]
[EventCountry "FRA"]
[SourceTitle "EXT 2005"]
[Source "ChessBase"]
[SourceDate "2004.11.15"]
[SourceVersion "1"]
[SourceVersionDate "2004.11.15"]
[SourceQuality "1"]

1. c4 Nf6 2. Nc3 g6 3. d3 Bg7 4. g3 0-0 5. Bg2 c6 6. e4 d6 7. Nge2 e5 8. 0-0 Be6 9. Bg5 h6 10. Be3 Ng4 11. Bd2 f5 12. h3 Nf6 13. Qc1 Kh7 14. f4 Nbd7 15. b3 Rc8 16. Kh2 Nc5 17. Qc2 b5 18. Rab1 a5 19. Be3 Na6 20. Rbd1 bxc4 21. dxc4 Qc7 22. Qd2 Rfd8 23. Na4 c5 24. Nac3 Bf8 25. Nb5 Qb6 26. Nec3 Nb4 27. Nd5 Nbxd5 28. exd5 Bd7 29. fxe5 dxe5 30. Nc3 Ne8 31. Qf2 Bd6 32. Kh1 Nf6 33. g4 f4 1/2-1/2